书目信息 |
| 题名: |
草坪建植与养护
|
|
| 作者: | 陈志明 主编 | |
| 分册: | ||
| 出版信息: | 北京 中国林业出版社 2003 |
|
| 页数: | 307页 | |
| 开本: | 23cm | |
| 丛书名: | ||
| 单 册: | ||
| 中图分类: | S688.4 | |
| 科图分类: | ||
| 主题词: | 草坪--栽培--高等学校--教材 , 草坪--管理--高等学校--教材 | |
| 电子资源: | ||
| ISBN: | 978-7-5038-3193-5 | |
| 000 | 00890nam0 2200253 450 | |
| 001 | 012015000699 | |
| 005 | 20150914162635.37 | |
| 010 | @a978-7-5038-3193-5@dCNY24.00 | |
| 100 | @a20071225e20032003em y0chiy0110 ea | |
| 101 | 0 | @achi |
| 102 | @aCN@b110000 | |
| 105 | @aak z 000yy | |
| 106 | @ar | |
| 200 | 1 | @a草坪建植与养护@ACao Ping Jian Zhi Yu Yang Hu@f陈志明主编 |
| 210 | @a北京@c中国林业出版社@d2003@h2007重印 | |
| 215 | @a307页@c图@d23cm | |
| 300 | @a全国职业技术院校教材 园林、园艺专业用 | |
| 330 | @a本书共分8章,介绍草坪概述、草坪草、草坪建植技术、草坪养护技术、草坪病虫及杂草防治、常用草坪机械、运动场草坪的建植与养护技术、其他绿地草坪的建植与养护技术。 | |
| 606 | 0 | @a草坪@x栽培@x高等学校@j教材 |
| 606 | 0 | @a草坪@x管理@x高等学校@j教材 |
| 690 | @aS688.4@v5 | |
| 701 | 0 | @a陈志明@AChen Zhi Ming@4主编 |
| 801 | 0 | @aCN@b碧洲教育@c20150718 |
| 905 | @a10447@f4@dS688.4@e371 | |
| 草坪建植与养护/陈志明主编.-北京:中国林业出版社,2003(2007重印) |
| 307页:图;23cm |
| 全国职业技术院校教材 园林、园艺专业用 |
| ISBN 978-7-5038-3193-5:CNY24.00 |
| 本书共分8章,介绍草坪概述、草坪草、草坪建植技术、草坪养护技术、草坪病虫及杂草防治、常用草坪机械、运动场草坪的建植与养护技术、其他绿地草坪的建植与养护技术。 |
| ● |
| 相关链接 |
|
|
|
|
正题名:草坪建植与养护
索取号:S688.4/371
 
预约/预借
| 序号 | 登录号 | 条形码 | 馆藏地/架位号 | 状态 | 备注 |
| 1 | 0848385 | 208483853 | 第二样本阅览室/ [索取号:S688.4/371] | 在馆 | |
| 2 | 0848386 | 208483862 | 第三借阅区/ [索取号:S688.4/371] | 在馆 | |
| 3 | 0848387 | 208483871 | 第三借阅区/ [索取号:S688.4/371] | 在馆 | |
| 4 | 0848388 | 208483880 | 密集书库-生命科学系/ [索取号:S688.4/371] | 在馆 |